[Event "CRO-chT (Women)"]
[Site "Rabac"]
[Date "2004.09.13"]
[Round "9"]
[White "Cosma, Elena Luminita"]
[Black "Belamaric, Tanja"]
[Result "1-0"]
[WhiteElo "2358"]
[BlackElo "2113"]
[PlyCount "59"]
[EventDate "2004.09.05"]
[EventType "team-swiss"]
[EventRounds "9"]
[EventCountry "CRO"]
[SourceTitle "CBM 102 Extra"]
[Source "ChessBase"]
[SourceDate "2004.11.03"]
[SourceVersion "1"]
[SourceVersionDate "2004.11.03"]
[SourceQuality "1"]

1. d4 d5 2. c4 c6 3. Nf3 Nf6 4. Qc2 e6 5. g3 dxc4 6. Qxc4 Qd5 7. Nbd2 Qxc4 8. Nxc4 b6 9. Bg2 Bb7 10. 0-0 Na6 11. Bf4 Rd8 12. Nce5 h6 13. Rfc1 Nb8 14. Nd3 Nd5 15. Bxb8 Rxb8 16. Nfe5 Rc8 17. Rc2 f6 18. Ng6 Rg8 19. Ngf4 Kf7 20. Bh3 Re8 21. Nxd5 exd5 22. Bd7 Re7 23. Bxc6 Bxc6 24. Rxc6 Rxe2 25. Nf4 Re4 26. Rc7+ Be7 27. Rd1 Kf8 28. f3 Bd8 29. Rxa7 Re7 30. Ng6+ 1-0

[Event "CRO-chTA (Women)"]
[Site "Pula"]
[Date "2002.09.22"]
[Round "?"]
[White "Belamaric, Tanja"]
[Black "Jelica, Mara"]
[Result "1-0"]
[WhiteElo "2129"]
[BlackElo "2201"]
[PlyCount "101"]
[EventDate "2002.09.16"]
[EventType "team"]
[EventRounds "8"]
[EventCountry "CRO"]
[SourceTitle "CBM 090 Extra"]
[Source "ChessBase"]
[SourceDate "2002.11.07"]
[SourceVersion "1"]
[SourceVersionDate "2002.11.07"]
[SourceQuality "1"]

1. d4 g6 2. b3 Bg7 3. Bb2 d5 4. Nf3 c5 5. e3 Nc6 6. Be2 Bf5 7. 0-0 cxd4 8. Nxd4 Nxd4 9. Bxd4 e5 10. Bb5+ Bd7 11. Bxd7+ Qxd7 12. Bb2 Ne7 13. Nd2 0-0 14. Nf3 Qe6 15. Qe2 Rac8 16. Rac1 Rfd8 17. Rfd1 Qg4 18. h3 Qh5 19. Qd2 Nc6 20. Kh2 Qf5 21. a3 g5 22. Qe2 h5 23. Nd2 g4 24. e4 dxe4 25. Nxe4 Nd4 26. Bxd4 exd4 27. Ng3 Be5 28. hxg4 hxg4 29. Kg1 Qf4 30. Rb1 Rc3 31. Rd3 Rdc8 32. Rxc3 Rxc3 33. Re1 Re3 34. Qd1 Rc3 35. Re4 Qf6 36. Rxg4+ Kf8 37. Ne4 Qc6 38. Nxc3 Qxc3 39. g3 Qc5 40. Qd3 Qxa3 41. Qf5 Qc5 42. Rg5 f6 43. Qxf6+ Bxf6 44. Rxc5 Bd8 45. Kg2 Ke7 46. f4 Kd6 47. Rh5 Kc6 48. Kf3 b5 49. Ke4 Bb6 50. Rh6+ Kc5 51. Rxb6 1-0

[Event "CRO-chTA (Women)"]
[Site "Pula"]
[Date "2002.09.20"]
[Round "?"]
[White "Radocaj, Radmila"]
[Black "Belamaric, Tanja"]
[Result "1/2-1/2"]
[WhiteElo "2112"]
[BlackElo "2129"]
[PlyCount "66"]
[EventDate "2002.09.16"]
[EventType "team"]
[EventRounds "8"]
[EventCountry "CRO"]
[SourceTitle "CBM 090 Extra"]
[Source "ChessBase"]
[SourceDate "2002.11.07"]
[SourceVersion "1"]
[SourceVersionDate "2002.11.07"]
[SourceQuality "1"]

1. e4 c5 2. Nf3 e6 3. d4 cxd4 4. Nxd4 a6 5. Nc3 Qc7 6. f4 d6 7. Qf3 Nc6 8. Be3 Nf6 9. Bd3 Nxd4 10. Bxd4 e5 11. fxe5 dxe5 12. Qg3 Bd6 13. Qxg7 Rg8 14. Qxf6 exd4 15. Qxd4 Be5 16. Qb4 Bxc3+ 17. Qxc3 Qxc3+ 18. bxc3 Rxg2 19. 0-0-0 Ke7 20. Rdg1 Rxg1+ 21. Rxg1 Be6 22. Kb2 Kf6 23. e5+ Kxe5 24. Bxh7 Rh8 25. Re1+ Kd6 26. Be4 b6 27. Re2 a5 28. a3 f5 29. Bd3 f4 30. Rf2 Ke5 31. Kc1 f3 32. Rxf3 Rxh2 33. Rf8 Kd6 1/2-1/2

[Event "CRO-chTA (Women)"]
[Site "Pula"]
[Date "2002.09.18"]
[Round "?"]
[White "Saric, Kristina"]
[Black "Belamaric, Tanja"]
[Result "1/2-1/2"]
[WhiteElo "2080"]
[BlackElo "2129"]
[PlyCount "46"]
[EventDate "2002.09.16"]
[EventType "team"]
[EventRounds "8"]
[EventCountry "CRO"]
[SourceTitle "CBM 090 Extra"]
[Source "ChessBase"]
[SourceDate "2002.11.07"]
[SourceVersion "1"]
[SourceVersionDate "2002.11.07"]
[SourceQuality "1"]

1. e4 c5 2. Nc3 Nc6 3. Nf3 e6 4. d4 cxd4 5. Nxd4 Bc5 6. Nb3 Bb6 7. Bf4 Bc7 8. Bxc7 Qxc7 9. Qd2 a6 10. a4 Nge7 11. Be2 0-0 12. 0-0-0 d5 13. exd5 Nxd5 14. Nxd5 exd5 15. h4 Bf5 16. g4 Be6 17. Rh3 Rac8 18. f4 d4 19. f5 Bxb3 20. Rxb3 Ne5 21. Rb4 Nc6 22. Rb3 Na5 23. Rb4 Nc6 1/2-1/2

[Event "CRO-chT (Women)"]
[Site "Pula "]
[Date "2001.09.10"]
[Round "1"]
[White "Belamaric, Tanja"]
[Black "Medic, Mirjana"]
[Result "1/2-1/2"]
[WhiteElo "2150"]
[BlackElo "2278"]
[PlyCount "101"]
[EventDate "2001.09.10"]
[EventType "team"]
[EventRounds "9"]
[EventCountry "CRO"]
[SourceTitle "CBM 084 Extra"]
[Source "ChessBase"]
[SourceDate "2001.10.26"]
[SourceVersion "1"]
[SourceVersionDate "2001.10.26"]
[SourceQuality "1"]

1. d4 d5 2. Bf4 Nf6 3. c3 c6 4. Nf3 Bf5 5. Qb3 Qb6 6. Nbd2 e6 7. e3 Be7 8. Be2 0-0 9. 0-0 Nbd7 10. h3 Ne4 11. Nxe4 Bxe4 12. Ne5 Nxe5 13. Bxe5 Bg6 14. Bg3 Rfc8 15. Rfc1 Bf8 16. Bf1 Re8 17. Qxb6 axb6 18. a4 Rec8 19. b4 Be7 20. Be2 Ra7 21. Ra2 h6 22. Rca1 c5 23. dxc5 bxc5 24. b5 c4 25. Be5 Bc5 26. a5 f6 27. Bd4 Be8 28. b6 Ra6 29. Bxc5 Rxc5 30. f4 Bc6 31. Bf3 Rb5 32. Bd1 Kf7 33. Be2 Rb3 34. Ra3 Rxa3 35. Rxa3 Ke7 36. e4 Kd6 37. exd5 exd5 38. Kf2 Kc5 39. Ke3 Ra8 40. Bf3 Re8+ 41. Kd2 Kb5 42. Bd1 Kc5 43. Bf3 f5 44. h4 g6 45. Ra1 Bb5 46. g3 Re7 47. Rb1 Ba6 48. Rd1 Bb5 49. Rb1 Bc6 50. Ra1 Re8 51. Ra3 1/2-1/2

[Event "CRO-chT (Women)"]
[Site "Pula"]
[Date "1999.09.12"]
[Round "4"]
[White "Videkovic, Marina"]
[Black "Belamaric, Tanja"]
[Result "0-1"]
[WhiteElo "2019"]
[BlackElo "2186"]
[PlyCount "63"]
[EventDate "1999.09.05"]
[EventType "team"]
[EventRounds "9"]
[EventCountry "CRO"]
[SourceTitle "EXT 2000"]
[Source "ChessBase"]
[SourceDate "1999.11.16"]
[SourceVersion "1"]
[SourceVersionDate "1999.11.16"]
[SourceQuality "1"]

1. d4 d5 2. Nf3 Nf6 3. c4 c6 4. Nc3 e6 5. e3 Nbd7 6. Bd3 dxc4 7. Bxc4 b5 8. Bd3 b4 9. Ne4 Nxe4 10. Bxe4 Bb7 11. 0-0 Nf6 12. Bc2 Be7 13. Re1 c5 14. Ba4+ Kf8 15. dxc5 Bxc5 16. Ne5 Qc7 17. Nd7+ Nxd7 18. Qxd7 Qxd7 19. Bxd7 Ke7 20. Ba4 Rhd8 21. e4 Bd4 22. Rb1 Rac8 23. a3 a5 24. axb4 axb4 25. h3 h6 26. g4 g5 27. h4 gxh4 28. Bxh6 Rg8 29. Bd1 h3 30. Bf4 Rc4 31. b3 Rcc8 32. g5 0-1

[Event "CRO-Cup (Women)"]
[Site "Pula"]
[Date "1998.??.??"]
[Round "3"]
[White "Medvegy, Nora"]
[Black "Belamaric, Tanja"]
[Result "1-0"]
[WhiteElo "2325"]
[BlackElo "2220"]
[PlyCount "97"]
[EventDate "1998.??.??"]
[EventType "team"]
[EventRounds "5"]
[EventCountry "CRO"]
[SourceTitle "EXT 2000"]
[Source "ChessBase"]
[SourceDate "1999.11.16"]
[SourceVersion "1"]
[SourceVersionDate "1999.11.16"]
[SourceQuality "1"]

1. e4 c6 2. d4 d5 3. Nc3 dxe4 4. Nxe4 Nd7 5. Bc4 Ngf6 6. Ng5 e6 7. Qe2 Nb6 8. Bb3 h6 9. N5f3 Qc7 10. Ne5 Bd6 11. Ngf3 a5 12. a4 c5 13. dxc5 Bxc5 14. 0-0 0-0 15. Rd1 Nbd5 16. Nd4 b6 17. Nb5 Bxf2+ 18. Kf1 Qb8 19. Bxd5 exd5 20. Nc6 Qxh2 21. Qxf2 Ne4 22. Bf4 Qh5 23. Rxd5 Qxd5 24. Ne7+ Kh7 25. Nxd5 Nxf2 26. Kxf2 Bf5 27. Nxb6 Ra6 28. Be3 Re8 29. Nd5 Rg6 30. Nf4 Rf6 31. Nd5 Rg6 32. Nf4 Rf6 33. Bd4 Rc6 34. c3 g5 35. Nd5 Kg6 36. b4 Bd3 37. Re1 Rxe1 38. Kxe1 Re6+ 39. Kd2 Be4 40. Nbc7 Rd6 41. Ne7+ Kh5 42. Ne8 Rd8 43. Nf6+ Kh4 44. Nxe4 axb4 45. Nf5+ Kh5 46. Nf6+ Kg6 47. Ne7+ Kg7 48. Nfd5+ Kf8 49. cxb4 1-0

[Event "CRO-chT (Women)"]
[Site "Medulin"]
[Date "1997.??.??"]
[Round "?"]
[White "Belamaric, Tanja"]
[Black "Bazaj Bockai, Snjezana"]
[Result "1/2-1/2"]
[WhiteElo "2215"]
[BlackElo "2175"]
[PlyCount "51"]
[EventDate "1997.??.??"]
[EventType "team"]
[EventRounds "9"]
[EventCountry "CRO"]
[SourceTitle "EXT 2000"]
[Source "ChessBase"]
[SourceDate "1999.11.16"]
[SourceVersion "1"]
[SourceVersionDate "1999.11.16"]
[SourceQuality "1"]

1. d4 Nf6 2. Nf3 e6 3. Bf4 b6 4. e3 Bb7 5. Bd3 Be7 6. Nbd2 d5 7. c3 0-0 8. Ng5 Nbd7 9. h4 Re8 10. Be5 c5 11. f4 h5 12. Bxf6 Nxf6 13. Be2 g6 14. g4 hxg4 15. Bxg4 cxd4 16. exd4 Bd6 17. Qf3 Qc7 18. Rf1 Ba6 19. Rf2 Kg7 20. 0-0-0 Rh8 21. Bxe6 Rxh4 22. Bxf7 Bc8 23. Ne6+ Bxe6 24. Bxe6 Rxf4 25. Qg2 Rxf2 26. Qxf2 1/2-1/2

[Event "Kastel Stari op"]
[Site "Kastel Stari"]
[Date "1997.??.??"]
[Round "6"]
[White "Belamaric, Tanja"]
[Black "Bradaric, Ratomir"]
[Result "1-0"]
[WhiteElo "2215"]
[BlackElo "2210"]
[PlyCount "97"]
[EventDate "1997.04.11"]
[EventType "swiss"]
[EventRounds "9"]
[EventCountry "CRO"]
[SourceTitle "CBM 057 Extra"]
[Source "ChessBase"]
[SourceDate "1997.05.01"]
[SourceVersion "1"]
[SourceVersionDate "1997.05.01"]
[SourceQuality "1"]

1. d4 d5 2. c4 Nf6 3. cxd5 Nxd5 4. e4 Nf6 5. Nc3 e6 6. Be3 Be7 7. Nf3 a6 8. Bd3 Nbd7 9. h3 b6 10. 0-0 Bb7 11. Qe2 0-0 12. Rad1 Qc8 13. Bg5 Qe8 14. Bf4 Qc8 15. Bb1 Re8 16. a3 Nf8 17. Bh2 Ng6 18. Rfe1 b5 19. Qc2 c6 20. Qd2 Qd8 21. Qe2 Rc8 22. e5 Nd7 23. Ne4 Nb6 24. h4 Nd5 25. Nfg5 Bxg5 26. Nxg5 h6 27. Ne4 Rc7 28. Nd6 Ree7 29. h5 Nf8 30. Rc1 Ba8 31. Bg3 Red7 32. Qg4 f5 33. Qh4 Qxh4 34. Bxh4 Nf4 35. f3 Nxh5 36. g4 fxg4 37. fxg4 Nf4 38. Bg3 Nh3+ 39. Kh2 Ng5 40. Rf1 Nf7 41. Rf2 Nxd6 42. exd6 Rc8 43. Be4 Nh7 44. d5 exd5 45. Bxd5+ Kh8 46. Be6 Rcd8 47. Bxd7 Rxd7 48. Re1 Rd8 49. d7 1-0

[Event "CRO-chT (Women)"]
[Site "Medulin"]
[Date "1997.??.??"]
[Round "?"]
[White "Masnjak, Rajka"]
[Black "Belamaric, Tanja"]
[Result "0-1"]
[WhiteElo "2035"]
[BlackElo "2215"]
[PlyCount "82"]
[EventDate "1997.??.??"]
[EventType "team"]
[EventRounds "9"]
[EventCountry "CRO"]
[SourceTitle "EXT 2000"]
[Source "ChessBase"]
[SourceDate "1999.11.16"]
[SourceVersion "1"]
[SourceVersionDate "1999.11.16"]
[SourceQuality "1"]

1. Nf3 d5 2. d4 Nf6 3. c4 e6 4. Nc3 c6 5. e3 Nbd7 6. Bd3 dxc4 7. Bxc4 b5 8. Bd3 b4 9. Ne4 Nxe4 10. Bxe4 Bb7 11. 0-0 Nf6 12. Bd3 Qb6 13. Qe2 Be7 14. a4 a5 15. Rd1 0-0 16. Ne5 c5 17. dxc5 Qxc5 18. Nf3 Rfd8 19. Ne1 e5 20. Bd2 e4 21. Bc4 Qe5 22. Bc1 Bd6 23. g3 Qf5 24. b3 Ng4 25. Bb2 h5 26. Ng2 Be5 27. Bxe5 Nxe5 28. Nh4 Qh3 29. Qf1 Qxf1+ 30. Bxf1 Bd5 31. Rab1 Be6 32. Be2 g5 33. Ng2 Nf3+ 34. Kh1 Rxd1+ 35. Bxd1 Rd8 36. h4 f6 37. hxg5 fxg5 38. Bc2 Nd2 39. Rd1 Kf8 40. Ne1 Ke8 41. Kg2 Bxb3 0-1

[Event "CRO-Cup (Women)"]
[Site "Pula"]
[Date "1997.??.??"]
[Round "?"]
[White "Radocaj, Radmila"]
[Black "Belamaric, Tanja"]
[Result "0-1"]
[WhiteElo "2090"]
[BlackElo "2215"]
[PlyCount "120"]
[EventDate "1997.??.??"]
[EventType "team"]
[EventRounds "5"]
[EventCountry "CRO"]
[SourceTitle "EXT 1998"]
[Source "ChessBase"]
[SourceDate "1997.11.17"]
[SourceVersion "1"]
[SourceVersionDate "1997.11.17"]
[SourceQuality "1"]

1. e4 c5 2. Nf3 d6 3. Bb5+ Nd7 4. c3 a6 5. Ba4 Qc7 6. d4 b5 7. Bc2 Bb7 8. 0-0 g6 9. Re1 Bg7 10. a4 e5 11. dxe5 Nxe5 12. axb5 axb5 13. Rxa8+ Bxa8 14. Nxe5 dxe5 15. Na3 Bc6 16. c4 bxc4 17. Nxc4 Nf6 18. Ba4 0-0 19. Bxc6 Qxc6 20. Nxe5 Qb7 21. Qc2 Rc8 22. Nc4 Qc6 23. Bg5 Nd7 24. e5 Nf8 25. Rd1 Ne6 26. Be3 Ra8 27. f4 Qb5 28. Nd6 Qa4 29. Qd2 Rd8 30. Rc1 Bh6 31. Rc4 Qa1+ 32. Kf2 Qa7 33. g3 Qa6 34. Qd5 Qa2 35. Qb7 Rxd6 36. exd6 Qxc4 37. Qb8+ Bf8 38. d7 Qd3 39. Bxc5 Qd2+ 40. Kf1 Qc1+ 41. Kg2 Qxc5 42. d8Q Nxd8 43. Qxd8 Qc2+ 44. Kh3 Qxb2 45. Qc8 Qe2 46. Qd8 h5 47. Qa8 Kg7 48. Qa1+ Kh7 49. Qb1 Be7 50. Qc1 Bf6 51. Qb1 Bc3 52. Qc1 Qe1 53. Qc2 Qf1+ 54. Qg2 Qxg2+ 55. Kxg2 Kg7 56. Kf3 f5 57. h3 Kf6 58. g4 hxg4+ 59. hxg4 fxg4+ 60. Kxg4 Bd2 0-1

[Event "Kastel Stari op"]
[Site "Kastel Stari"]
[Date "1997.??.??"]
[Round "8"]
[White "Rogic, Davor"]
[Black "Belamaric, Tanja"]
[Result "1-0"]
[WhiteElo "2455"]
[BlackElo "2215"]
[PlyCount "45"]
[EventDate "1997.04.11"]
[EventType "swiss"]
[EventRounds "9"]
[EventCountry "CRO"]
[SourceTitle "EXT 1999"]
[Source "ChessBase"]
[SourceDate "1998.11.16"]
[SourceVersion "1"]
[SourceVersionDate "1998.11.16"]
[SourceQuality "1"]

1. e4 c5 2. Nf3 e6 3. d4 cxd4 4. Nxd4 Nf6 5. Nc3 d6 6. Be2 a6 7. 0-0 Be7 8. f4 Qc7 9. Be3 Nc6 10. Kh1 0-0 11. a4 Rd8 12. Bd3 Nxd4 13. Bxd4 e5 14. Be3 exf4 15. Rxf4 d5 16. Nxd5 Nxd5 17. exd5 Bg5 18. Rc4 Qe7 19. Qh5 h6 20. Bxg5 Qxg5 21. Qxg5 hxg5 22. Re1 Bg4 23. Rxg4 1-0